000 00658nam a2200217Ii 4500
001 8675
003 CO-ViMGA
008 241108s9999||||xx |||||||||||||| ||und||
020 _a9589500838
040 _aCO-ViMGA
_bspa
_erda
_cCO-ViMGA
041 0 _aunk
082 0 4 _a333.15-C976u
100 1 _aLauclilin Currie
_955821
245 1 0 _aUrbanización y desarrollo
264 1 _a[Lugar de publicación no identificado] : Fondo Nacional de Formación profesional, 1988
300 _avolumen
336 _atext
_btxt
_2rdacontent
337 _aunmediated
_bn
_2rdamedia
338 _avolume
_bnc
_2rdacarrier
940 _aidficha_siabuc: 8478. -- ficha_no_siabuc:8675
999 _c53516
_d53516